[Event "FIDE Zonal 2.5 Open 2019"]
[Site "Montevideo"]
[Date "2019.04.16"]
[Round "6.6"]
[White "Donoso Diaz, Sebastian"]
[Black "Krysa, Leandro"]
[Result "0-1"]
[WhiteElo "2191"]
[BlackElo "2498"]
[Annotator "TA"]
[PlyCount "56"]
[EventDate "2019.04.13"]
[EventType "swiss"]
[EventCountry "URU"]
[SourceTitle "playchess.com"]
[Source "ChessBase"]
[SourceQuality "1"]

{[%evp 9,55,19,32,13,52,45,67,60,79,66,83,0,0,0,32,-41,-41,-79,-75,-52,-9,-7,-12,-8,0,-56,-14,-77,-72,-83,-83,-130,-122,-127,-118,-606,-605,-674,-426,-400,-380,-29993,-29987,-29987,-29988,-29998,-610,-29999]} 1. Nf3 Nf6 2. c4 g6 3. Nc3 d5 4. cxd5 Nxd5 5. h4 Bg7 6. e4 {A16: English Opening: 1...Nf6 with ...d5} Nb6 7. d4 Bg4 8. Be3 $1 {White is slightly better.} O-O 9. Qd2 Nc6 $146 {[%cal Bb8c6,Bc6e5,Be5c4][%mdl 32]} ({Predecessor:} 9... Bxf3 10. gxf3 e5 11. d5 h5 12. Bg5 Qd6 13. Nb5 {½-½ (55) Zhou,J (2652)-Li,C (2619) Danzhou 2010}) 10. d5 (10. Nh2 $1 $16 {[%cal Rh2g4]} Bc8 11. O-O-O) 10... Bxf3 $1 $14 11. gxf3 Ne5 12. Be2 (12. O-O-O $14) 12... Nec4 $15 13. Qc1 Nxe3 14. Qxe3 c6 15. dxc6 bxc6 16. h5 Qd6 17. f4 (17. Rd1 $11 Qb4 18. Rd2) 17... Rfd8 (17... Qb4 $5 {[%cal Rb4b2]} 18. O-O-O Bxc3 19. Qxc3 Qxe4 $15 {[%mdl 64] Double Attack}) 18. h6 (18. hxg6 $11 {keeps the balance.} hxg6 19. Rc1) 18... Bd4 $17 19. Qf3 Qb4 20. O-O-O Rab8 $36 {[%mdl 2048] ( -> ...Nc4). Keeping White busy.} 21. Rd2 {[#]} Na4 $1 22. a3 $2 {[%mdl 8192]} (22. Nxa4 $17 Qxa4 23. Qa3 Qxa3 24. bxa3) 22... Qc5 $19 {[%cal Rd4c3]} 23. Rhd1 {[#]} Rxb2 $1 {[%mdl 512]} 24. Rxb2 {Strongly threatening Rb3.} Nxc3 25. Rc2 $2 (25. Rb3 $19 Nxe2+ 26. Kb1) 25... Nxe2+ {[%mdl 64] Overworked Piece} 26. Qxe2 Qxa3+ 27. Kd2 {[#]} Bc3+ $1 28. Ke3 {[%cal Rd1d8]} Bd2# {Accuracy: White = 44%, Black = 63%.} 0-1

[Event "FIDE Zonal 2.5 Open 2019"]
[Site "Montevideo"]
[Date "2019.04.16"]
[Round "6.7"]
[White "Tristan, Leonardo"]
[Black "Carbone, Diego"]
[Result "1-0"]
[WhiteElo "2504"]
[BlackElo "2277"]
[Annotator "TA"]
[PlyCount "99"]
[EventDate "2019.04.13"]
[EventType "swiss"]
[EventCountry "URU"]
[SourceTitle "playchess.com"]
[Source "ChessBase"]
[SourceQuality "1"]

{[%evp 14,99,6,0,4,7,18,0,0,0,0,0,2,6,9,9,0,0,12,12,18,16,16,18,20,20,16,16,10,11,12,11,10,6,15,-20,0,-9,0,-29,-4,-14,0,-16,-14,-7,0,-6,50,0,0,-8,14,13,18,0,64,70,210,210,215,213,192,204,223,226,231,198,5955,5712,6230,6193,6103,6097,5620,5608,2413,3395,2630,1402,12811,9780,29974,29975,12359,12359,4622,2757]} 1. d4 Nf6 2. Bf4 g6 3. e3 Bg7 4. Nf3 O-O 5. Be2 d6 6. O-O b6 7. h3 Bb7 8. a4 a5 {A48: 1 d4 Nf6 2 Nf3 g6: Torre, London and Colle Systems} (8... c5 9. c3 a6 10. Nbd2 Nbd7 11. Re1 cxd4 12. exd4 Nd5 13. Bh2 Bh6 14. Bd3 N7f6 15. Ne4 Nh5 16. Bf1 Ne3 17. fxe3 Bxe4 18. Bd3 Nf6 19. Bxe4 Nxe4 {0-1 (52) Zhigalko,S (2616)-Cheparinov,I (2712) Ankara 2018}) 9. Nbd2 Nbd7 10. Bh2 Ne4 {The position is equal.} 11. Nxe4 Bxe4 12. Nd2 Bb7 13. Bf3 Bxf3 14. Qxf3 $146 ({Predecessor:} 14. Nxf3 Re8 15. c3 e5 16. dxe5 Nxe5 17. Nxe5 Bxe5 {1-0 (42) Dickson,G (1928)-Ellison,D (1976) Edinburgh 2003}) 14... e5 15. c3 Qe7 16. Qc6 Rac8 17. Rfd1 Rfe8 18. Nc4 Nb8 19. Qb7 Nd7 20. Na3 Nf8 21. Qc6 Qd7 22. Qxd7 Nxd7 23. Nb5 Nb8 24. d5 Na6 25. Kf1 f5 26. Ke2 Kf7 27. g4 Bf6 28. f3 Ke7 29. Rab1 Nc5 30. b4 Nb7 (30... Nxa4 $11 31. Rb3 axb4 32. cxb4 c6 33. dxc6 Rxc6) 31. Kd3 Kd7 32. Kc4 Bg5 33. f4 $36 {[%mdl 2048] White fights for an advantage.} exf4 34. exf4 Re4+ ({Black should try} 34... Bh4 $11) 35. Rd4 $14 Re2 (35... Rxd4+ $14 36. Nxd4 Bf6) 36. fxg5 $18 Rxh2 37. gxf5 {Strongly threatening Rh4.} Rxh3 38. fxg6 {Black must now prevent Rf4.} hxg6 39. Rf1 {aiming for Rf7+.} Rh7 {[#]} 40. Rdf4 $1 {Threatens to win with Rf7+.} c6 $2 (40... Nd8 41. Rf6 axb4) 41. Rf7+ Rxf7 42. Rxf7+ Ke8 43. Rxb7 cxb5+ 44. Kxb5 {[%mdl 64] [#] Double Attack} Rxc3 45. Rxb6 axb4 46. Kxb4 {KR-KR} Rg3 47. a5 {[%cal Ba4a5,Ba5a6][%mdl 32]} Rg4+ 48. Kb5 Rxg5 49. Kc6 Rg1 50. a6 {Accuracy: White = 70%, Black = 43%.} 1-0

[Event "FIDE Zonal 2.5 Open 2019"]
[Site "Montevideo"]
[Date "2019.04.16"]
[Round "6.8"]
[White "El Ters, Antouan"]
[Black "Peralta, Fernando"]
[Result "1/2-1/2"]
[WhiteElo "2181"]
[BlackElo "2572"]
[Annotator "TA"]
[PlyCount "106"]
[EventDate "2019.04.13"]
[EventType "swiss"]
[EventCountry "URU"]
[SourceTitle "playchess.com"]
[Source "ChessBase"]
[SourceQuality "1"]

{[%evp 25,106,-48,-45,-79,-65,-68,-73,-61,-40,-43,-45,-74,-70,-70,-68,-79,-70,-102,-96,-118,-120,-122,-127,-126,-79,-82,-77,-67,-70,-72,-78,-80,-70,-94,-70,-118,-119,-124,0,0,0,0,0,0,0,0,0,0,0,0,0,0,0,0,0,0,0,0,0,0,0,0,0,0,0,0,0,0,0,0,0,0,0,0,0,0,0,0,0,0,0,0,0]} 1. e4 d6 2. Nf3 Nf6 3. Nc3 g6 4. Bc4 Bg7 5. Qe2 O-O 6. d4 c6 7. e5 Nd5 8. Bd2 dxe5 9. dxe5 Bg4 10. O-O-O e6 {B08: Pirc Defence: Classical System} 11. h3 Bxf3 12. gxf3 Nd7 13. f4 Qh4 {[#] LiveBook: 5 Games} 14. Kb1 $146 ({Predecessor:} 14. Qg4 Qxf2 15. Rhe1 Qc5 16. Bb3 Nxc3 17. Bxc3 Nb6 18. h4 {½-½ (41) Plat,V (2539)-Rasik,V (2458) Czech Republic 2018}) 14... Nxc3+ 15. Bxc3 Nb6 16. Rd4 {[%cal Bd1d4,Bd4e4,Be4e1][%mdl 32] [#] aiming for f5!} Rfd8 17. Re4 {And now f5! would win.} Qe7 18. a3 Nxc4 19. Qxc4 c5 20. Ree1 b6 21. h4 h5 22. f5 exf5 23. e6 Bxc3 24. bxc3 Rd6 {[%cal Rd6e6]} 25. Rhg1 Rad8 26. Kb2 Kg7 {[%cal Rd6e6]} 27. exf7 Qxf7 28. Qf4 Kh7 29. Rg3 Rd1 30. Rge3 Rxe1 31. Rxe1 Re8 (31... Qd7 $17 32. Qe5 Qf7) 32. Rxe8 $11 {The position is equal.} Qxe8 {[%mdl 4096] Endgame KQ-KQ} 33. Qc7+ Kh6 34. f4 Qb5+ 35. Ka2 Qc4+ 36. Kb2 Qb5+ 37. Ka2 Qc4+ 38. Kb2 a5 39. Qe7 Qb5+ 40. Kc1 Qf1+ 41. Kb2 Qb5+ 42. Kc1 Qc4 43. Kb2 Qg8 44. a4 c4 45. Qd6 Qe8 46. Ka3 Kg7 {[#] Strongly threatening ...Qf8.} 47. Qxb6 Qe7+ 48. Kb2 Qxh4 49. Qc7+ Kh6 50. Qd6 $1 Kg7 51. Qc7+ Kh6 52. Qd6 $1 Kg7 53. Qc7+ Kh6 {Precision: White = 72%, Black = 77%.} 1/2-1/2

[Event "FIDE Zonal 2.5 Open 2019"]
[Site "Montevideo"]
[Date "2019.04.16"]
[Round "6.9"]
[White "Lopez Azambuja, Nicolas"]
[Black "Rodriguez, Santiago"]
[Result "1/2-1/2"]
[WhiteElo "2328"]
[BlackElo "2257"]
[Annotator "TA"]
[PlyCount "58"]
[EventDate "2019.04.13"]
[EventType "swiss"]
[EventCountry "URU"]
[SourceTitle "playchess.com"]
[Source "ChessBase"]
[SourceQuality "1"]

{[%evp 22,58,-22,-20,-18,-10,-13,-68,-70,-71,-63,-68,-61,-65,-64,-96,-59,-51,-70,-39,-18,-25,0,0,0,-24,-22,-31,0,0,0,0,0,0,0,0,0,0,0]} 1. d4 Nf6 2. c4 e6 3. Nf3 d5 4. cxd5 exd5 5. Nc3 c6 6. Bg5 Be7 7. e3 Bf5 8. Bd3 Bxd3 9. Qxd3 Nbd7 10. O-O O-O 11. Bxf6 Nxf6 12. Rab1 Bd6 {D35: Queen's Gambit Declined: Exchange Variation} 13. b4 {[#]} b5 $146 {[%cal Bb7b5,Bb5b4][%mdl 32]} ({Predecessor:} 13... a6 14. a4 Qe7 15. b5 a5 16. bxc6 bxc6 17. Rb6 {½-½ (17) Filgueira,H (2315)-Sorokin,M (2560) Buenos Aires 1996}) 14. a4 (14. e4 $11 dxe4 15. Nxe4) 14... a5 $1 $15 {[%cal Ra5b4] Black is slightly better.} 15. bxa5 b4 16. Nd1 Qxa5 17. Ra1 Ne4 18. Nd2 f5 19. Nb3 Qc7 20. g3 h5 21. f3 Nf6 22. Qxf5 Bxg3 23. Ra2 Bd6 24. a5 Qc8 (24... Qf7 {with more complications.} 25. Rc2 Qe8 26. Qd3 Ra7 27. Kh1 h4) 25. Qxc8 {The position is equal.} Rfxc8 26. Rc2 Bc7 27. Ra2 Bd6 28. Rc2 Bc7 29. Ra2 Bd6 {Accuracy: White = 76%, Black = 67%.} 1/2-1/2

[Event "FIDE Zonal 2.5 Open 2019"]
[Site "Montevideo"]
[Date "2019.04.16"]
[Round "6.10"]
[White "Michailov, Matias"]
[Black "Sosa Macho, Juan Manuel"]
[Result "0-1"]
[WhiteElo "2264"]
[BlackElo "2076"]
[Annotator "TA"]
[PlyCount "90"]
[EventDate "2019.04.13"]
[EventType "swiss"]
[EventCountry "URU"]
[SourceTitle "playchess.com"]
[Source "ChessBase"]
[SourceQuality "1"]

{[%evp 17,90,31,32,29,34,9,16,0,25,22,20,16,12,31,35,0,0,-84,-87,-75,-70,-135,-128,-137,-127,-129,-143,-129,-129,-123,-135,-141,-121,-132,-137,-145,-151,-162,-100,-148,-118,-204,-195,-222,-223,-353,-179,-316,-214,-288,-279,-316,-310,-333,-343,-404,-387,-652,-398,-433,-420,-497,-487,-610,-527,-656,-637,-605,-494,-507,-452,-618,-602,-793,-761]} 1. e4 c5 2. Nf3 g6 3. d3 Bg7 4. g3 d6 5. Bg2 e6 6. O-O Ne7 7. c3 O-O 8. d4 Nbc6 9. dxc5 dxc5 10. Qe2 {A04: Unusual lines after 1 Nf3 and King's Indian Attack} Qc7 11. a4 $146 ({Predecessor:} 11. Na3 a6 12. Rd1 e5 13. Be3 b6 14. Nc4 Bg4 15. h3 Bxf3 16. Bxf3 Rfd8 17. a4 Rab8 {½-½ (77) Svetushkin,D (2569)-Pereira,R (2417) Istanbul 2012}) 11... e5 12. Na3 {The position is equal.} Na5 13. Nb5 Qc6 14. Rd1 {[#] And now Rd6 would win.} Be6 15. Rd6 Qc8 16. Bg5 (16. Rxe6 $5 fxe6 17. Bg5 $11) 16... Nec6 17. b4 (17. Rxe6 $11 {keeps the balance.} fxe6 18. Rd1) 17... cxb4 $17 18. cxb4 Nb3 19. Rad1 {[#]} (19. Re1 $15) 19... a6 $1 {[%cal Ra6b5]} 20. Nc3 Nbd4 $36 {[%mdl 2048] Black has strong initiative.} 21. Nxd4 Nxd4 {[%mdl 64] Discovered Attack} 22. R6xd4 exd4 23. Nd5 Bxd5 $1 24. exd5 Qd7 25. a5 Rfe8 26. Qf3 Rac8 27. Bd2 Rc2 (27... Be5 $19 28. Qd3 Qa4) 28. h4 h5 29. Kh2 (29. Qb3 $17 Rec8 30. Be4) 29... Rd8 30. Bg5 Rdc8 31. Bh3 (31. Bd2 $142) 31... f5 (31... R8c3 $142 32. Qf4 Qxd5) 32. Bg2 (32. Bf1 {might work better.}) 32... Be5 {aiming for ...R8c3.} 33. Rd2 Qd6 34. Qe2 Rxd2 35. Bxd2 f4 36. Be1 Qf6 {...Rc1 is the strong threat.} 37. Bh3 $2 (37. Be4) 37... Rf8 38. Qe4 Kg7 39. Kg2 Bd6 {Black is clearly winning.} ({Don't take} 39... fxg3 40. fxg3 Qf1+ 41. Kh2 $19) 40. Qe6 Qxe6 41. Bxe6 f3+ 42. Kf1 Kf6 43. Bd2 Rb8 44. Bd7 b6 {[%cal Bb7b6,Bb6a5][%mdl 32]} 45. b5 bxa5 {Accuracy: White = 26%, Black = 76%.} 0-1

[Event "FIDE Zonal 2.5 Open 2019"]
[Site "Montevideo"]
[Date "2019.04.16"]
[Round "6.11"]
[White "Jodorcovsky Werjivker, Paulo"]
[Black "Muniz, Rafael"]
[Result "0-1"]
[WhiteElo "2257"]
[BlackElo "2257"]
[Annotator "TA"]
[PlyCount "80"]
[EventDate "2019.04.13"]
[EventType "swiss"]
[EventCountry "URU"]
[SourceTitle "playchess.com"]
[Source "ChessBase"]
[SourceQuality "1"]

{[%evp 13,80,16,23,16,6,5,10,0,5,0,14,-10,33,43,43,0,0,0,0,0,2,6,1,0,33,2,31,0,9,-12,50,0,0,-106,-101,-109,-107,-99,-99,-94,-96,-112,-91,-119,-115,-123,-105,-133,-129,-144,-117,-141,-108,-166,-175,-214,-187,-676,-303,-347,-332,-430,-282,-541,-481,-845,-842,-2907,-2175]} 1. d4 Nf6 2. Nf3 e6 3. e3 g6 4. c4 Bg7 5. Nc3 O-O 6. Be2 c5 7. O-O cxd4 {LiveBook: 3 Games. E10: Blumenfeld Gambit} (7... d6 8. b3 Qe7 9. Bb2 b6 10. Qc2 Bb7 11. Rad1 Nbd7 12. dxc5 Nxc5 13. Nd4 a6 14. Bf3 Rac8 15. Bxb7 Qxb7 {½-½ (43) Miton,K (2623)-Wojtaszek,R (2706) Warsaw 2012}) 8. exd4 d5 9. Bg5 dxc4 {The position is equal.} 10. Bxc4 h6 11. Bf4 Nc6 12. h3 Nb4 $146 ({Predecessor:} 12... Ne7 13. Rc1 Bd7 14. Qb3 Bc6 15. Rfd1 Ned5 16. Nxd5 Nxd5 {½-½ (31) Peter,C (2175)-Cuadrado,G Bayern 2000}) 13. Qd2 Kh7 14. Rad1 Nbd5 15. Be5 Nxc3 16. bxc3 b6 17. Be2 Bb7 18. c4 Rc8 19. Qe3 Qd7 20. Qb3 Rfd8 21. Rc1 Qc6 (21... Ne4 $11) 22. Qb2 {[#] Hoping for d5!} (22. c5 $5) 22... Nh5 {[%cal Bf6h5,Bh5g7,Bg7e6,Be6c5,Bc5d3][%mdl 32]} 23. d5 (23. Bxg7 $11 {remains equal.} Nxg7 24. Rfd1) 23... exd5 $17 24. Bxg7 Nxg7 25. cxd5 Qxd5 26. Rxc8 Rxc8 27. Rd1 Qe4 28. Bd3 Qf4 29. Be2 Ne6 30. Nh2 h5 31. Bf3 Ba6 32. Qa3 Nc5 33. Rc1 (33. Nf1 $17) 33... Qa4 $19 34. Qe3 Qxa2 35. Qe7 $2 {[#]} (35. g4) 35... Nd3 (35... Ne4 $142 $1 {[%mdl 512]} 36. Rf1 (36. Qxe4 Rxc1+) 36... Bxf1 37. Bxe4 Be2) 36. Rxc8 Bxc8 37. Qe3 Ba6 {White must now prevent ...Qa1+.} 38. g4 $2 (38. Be2 Qa1+ 39. Nf1) 38... Qb1+ {Black is clearly winning.} 39. Kg2 (39. Nf1 $142 Nf4 40. Qxf4 Qxf1+ 41. Kh2 Qxf2+ 42. Kh1 Qf1+ 43. Kh2) 39... h4 {Threatens to win with ...Ne1+.} 40. Be4 Ne1+ {Precision: White = 28%, Black = 61%.} 0-1

[Event "FIDE Zonal 2.5 Open 2019"]
[Site "Montevideo"]
[Date "2019.04.16"]
[Round "6.12"]
[White "Restuccia, Francisco"]
[Black "Suarez, Pedro"]
[Result "1/2-1/2"]
[WhiteElo "2100"]
[BlackElo "2019"]
[Annotator "TA"]
[PlyCount "51"]
[EventDate "2019.04.13"]
[EventType "swiss"]
[EventCountry "URU"]
[SourceTitle "playchess.com"]
[Source "ChessBase"]
[SourceQuality "1"]

{[%evp 19,51,51,74,50,62,62,113,120,97,96,111,90,124,131,124,125,147,138,148,49,35,10,30,30,33,24,27,6,10,-12,-15,-32,-18,-11]} 1. e4 d6 2. d4 Nf6 3. Nc3 Nbd7 4. Nf3 e5 5. Bc4 Be7 6. O-O O-O 7. Re1 c6 8. a4 b6 9. h3 Bb7 10. Ba2 a6 11. dxe5 {C41: Philidor Defence} (11. Be3 b5 12. axb5 axb5 13. b4 Qc7 14. Qd3 Rad8 15. Bb3 Qb8 16. Red1 h6 17. Qe2 Rfe8 18. d5 cxd5 19. Nxd5 Bxd5 20. Bxd5 {1-0 (34) Sjugirov,S (2663)-Maslak,K (2555) St Petersburg 2018}) 11... dxe5 12. Nh4 b5 (12... Qc7 $14) 13. Nf5 $16 {White is better.} b4 14. Nb1 Nc5 15. Nd2 g6 $146 ({Predecessor:} 15... Nxa4 16. Nc4 Qc7 17. Qf3 Ne8 18. Qg3 Bf6 {1-0 (26) Starostits,I (2458)-Janzelj,T (2282) Boeblingen 2013}) 16. Nxe7+ Qxe7 17. Qf3 Ne6 18. Bxe6 Qxe6 19. Nf1 ({White should try} 19. Nb3 $16 {Threatens to win with Nc5.} Nd7 20. Bh6) 19... c5 20. Ng3 Ne8 21. Bh6 Ng7 22. Qe3 Qe7 23. Rad1 Rfd8 24. Bxg7 Kxg7 25. Qe2 h5 26. c3 $1 {Accuracy: White = 43%, Black = 30%.} 1/2-1/2

[Event "FIDE Zonal 2.5 Open 2019"]
[Site "Montevideo"]
[Date "2019.04.16"]
[Round "6.13"]
[White "Coppola, Claudio"]
[Black "Viera, Emilio"]
[Result "1-0"]
[WhiteElo "2238"]
[BlackElo "2138"]
[Annotator "TA"]
[PlyCount "66"]
[EventDate "2019.04.13"]
[EventType "swiss"]
[EventCountry "URU"]
[SourceTitle "playchess.com"]
[Source "ChessBase"]
[SourceQuality "1"]

{[%evp 20,66,40,34,36,33,35,10,24,25,13,16,23,12,10,11,10,0,3,0,24,7,8,0,86,88,116,115,99,61,87,100,129,127,125,123,128,125,160,136,270,211,353,315,341,343,330,311,283]} 1. d4 e6 2. c4 f5 3. g3 Nf6 4. Bg2 d5 5. Nf3 c6 6. O-O Bd6 7. b3 Qe7 8. Bb2 O-O 9. Ne5 Nbd7 10. Nd2 Ne4 11. Ndf3 a5 {A90: Dutch Defence: Miscellaneous and Modern Stonewall (with ...Bd6)} 12. Qc2 a4 13. Nd3 (13. e3 a3 14. Bc3 Nxe5 15. Nxe5 Bd7 16. Nxd7 Qxd7 {0-1 (36) Anand,V (2797)-Carlsen,M (2865) Baden-Baden 2015}) 13... b6 {The position is equal.} 14. Nfe5 Bb7 15. Nxd7 Qxd7 16. f3 Nf6 $146 ({Predecessor:} 16... a3 17. Bc1 Nf6 18. Be3 {½-½ (27) Ciazela,W (2461)-Kozlowski,W (2455) ICCF email 2010}) 17. c5 $36 {[%mdl 2048] White is more active.} bxc5 18. Nxc5 Bxc5 19. dxc5 Qe7 20. Be5 {Bd6 is the strong threat.} axb3 21. axb3 Rxa1 (21... Nd7 $11 {keeps the balance.} 22. Bd6 Qf6) 22. Rxa1 $16 {Hoping for Bd6.} Ra8 23. Rxa8+ Bxa8 24. Qc3 Bb7 {[#]} 25. Qa5 $1 Qd7 26. e3 Qc8 27. Bf1 Kf7 28. b4 {[%cal Bb3b4,Bb4b5][%mdl 32]} Ne8 29. Qa7 {[#] Strongly threatening Ba6.} Kg8 (29... Qa8 $16 {might work better.} 30. Qa5 Ke7) 30. b5 $18 h6 (30... Nf6 $142 31. b6 Nd7) 31. b6 Kf8 {White has a decisive advantage.} 32. Kf2 Kg8 33. Ke1 Kf8 {Accuracy: White = 72%, Black = 47%.} 1-0

[Event "FIDE Zonal 2.5 Open 2019"]
[Site "Montevideo"]
[Date "2019.04.16"]
[Round "6.14"]
[White "Vazquez, Facundo"]
[Black "Larrea, Manuel"]
[Result "1/2-1/2"]
[WhiteElo "2009"]
[BlackElo "2230"]
[Annotator "TA"]
[PlyCount "74"]
[EventDate "2019.04.13"]
[EventType "swiss"]
[EventCountry "URU"]
[SourceTitle "playchess.com"]
[Source "ChessBase"]
[SourceQuality "1"]

{[%evp 16,74,35,36,35,29,45,45,45,9,42,41,40,29,29,29,37,13,61,45,45,35,49,41,106,14,20,5,9,0,14,10,81,49,62,36,53,2,14,0,45,46,47,54,55,43,51,29,55,46,49,10,75,77,83,0,0,0,0,0,0]} 1. d4 Nf6 2. c4 g6 3. g3 Bg7 4. Bg2 O-O 5. Nc3 d6 6. Nf3 Nc6 7. O-O a6 8. h3 Bd7 9. e4 e5 {E63: King's Indian: Fianchetto: Panno Variation with 7...a6} 10. dxe5 Nxe5 (10... dxe5 11. Be3 Be6 12. Qa4 h6 13. Rad1 Qb8 14. Rfe1 Rd8 15. c5 Qa7 16. b4 Rac8 17. a3 Qb8 18. Qc2 Rxd1 19. Rxd1 {0-1 (58) Khismatullin,D (2634)-Fedoseev,V (2707) Satka 2018}) 11. Nxe5 dxe5 {White is slightly better.} 12. Be3 Qc8 13. Kh2 Re8 14. Qe2 Be6 15. Rfd1 Nd7 16. Rd2 $146 ({Predecessor:} 16. c5 Bf8 17. c6 bxc6 {½-½ (37) Kerem,H (2248)-Mladek,R (2312) Konya 2018}) 16... Nb8 17. c5 Nc6 18. Rad1 Nd4 19. Qf1 {[#]} Bf8 (19... Nb5 $1 $14 {[%mdl 512]}) 20. Bxd4 (20. f4 $16) 20... exd4 $11 21. Rxd4 Bxc5 22. R4d2 Bb4 23. Qd3 c5 (23... c6 $11) 24. Qc2 b5 25. a3 Ba5 26. Nd5 (26. f4 $14) 26... Bxd2 27. Nf6+ {[%mdl 64] [#] Double Attack} Kg7 28. Nxe8+ Qxe8 29. Rxd2 Qe7 30. Qc3+ Kg8 31. Qa5 b4 32. axb4 cxb4 33. e5 Ra7 (33... Rc8 $1 $11) 34. Rd6 $16 b3 35. Rxa6 ({White should play} 35. Bd5 $16) 35... Rxa6 $11 {The position is equal.} 36. Qxa6 Qc5 $1 {[%mdl 64] Double Attack} 37. Qe2 Qd4 {Accuracy: White = 34%, Black = 35%.} 1/2-1/2

[Event "FIDE Zonal 2.5 Open 2019"]
[Site "Montevideo"]
[Date "2019.04.16"]
[Round "6.15"]
[White "Curia, Santiago Jose"]
[Black "Curi, Gabriel"]
[Result "1/2-1/2"]
[WhiteElo "1989"]
[BlackElo "2202"]
[Annotator "TA"]
[PlyCount "52"]
[EventDate "2019.04.13"]
[EventType "swiss"]
[EventCountry "URU"]
[SourceTitle "playchess.com"]
[Source "ChessBase"]
[SourceQuality "1"]

{[%evp 17,52,-41,-35,-59,-48,-55,-37,-111,-33,-46,-55,-163,-3,-7,0,0,0,0,0,-3,31,23,22,16,33,31,35,22,29,25,27,-4,0,-18,7,0,20]} 1. e4 e6 2. d3 d5 3. Nd2 Nf6 4. Ngf3 Nc6 5. g3 dxe4 6. dxe4 e5 7. Bg2 Bc5 8. O-O O-O 9. h3 a5 10. a4 {C00: French: Unusual White 2nd moves} b6 11. Re1 Ba6 12. Bf1 {[#]} (12. c3 $15) 12... Bxf1 (12... Qd7 $1 $17 {And now ...Rad8 would win.} 13. Kg2 Bc8) 13. Kxf1 {[#]} Qd7 $146 ({Predecessor:} 13... Qe8 14. Qe2 Rd8 15. c3 Qe6 16. Kg2 Rfe8 17. Qc4 Qd7 {0-1 (55) Chireykina,N (1679)-Pushkov,N (2513) Soukhumi 2007}) 14. Kg2 {[#]} Rad8 $2 (14... Bxf2 $1 $19 15. Kxf2 Qxh3) 15. c3 $11 Qd3 {Strongly threatening ...Nxe4!} 16. Qb3 Rfe8 17. Qb5 Qd7 18. Nb3 Bf8 19. Bg5 Qe6 {next ...Na7 is good for Black.} 20. Nbd2 h6 21. Bxf6 Qxf6 22. Nc4 Bc5 23. Rad1 Qe6 24. Ne3 Bxe3 {The position is equal.} 25. Rxd8 Rxd8 26. Rxe3 Rd6 {Accuracy: White = 64%, Black = 29%.} 1/2-1/2

[Event "FIDE Zonal 2.5 Open 2019"]
[Site "Montevideo"]
[Date "2019.04.16"]
[Round "6.16"]
[White "Gaye, Gustavo"]
[Black "Kropff, Ricardo"]
[Result "1/2-1/2"]
[WhiteElo "2000"]
[BlackElo "2220"]
[Annotator "TA"]
[PlyCount "59"]
[EventDate "2019.04.13"]
[EventType "swiss"]
[EventCountry "URU"]
[SourceTitle "playchess.com"]
[Source "ChessBase"]
[SourceQuality "1"]

{[%evp 9,59,39,45,35,41,30,32,32,51,43,41,31,75,70,73,77,62,76,102,88,93,90,158,156,237,212,225,246,320,319,325,327,320,296,332,327,329,231,358,329,410,415,474,471,460,446,398,223,183,0,348,0]} 1. g3 d5 2. Bg2 c6 3. c4 dxc4 (3... e5 4. cxd5 cxd5 5. d4 Bb4+ 6. Bd2 Bxd2+ 7. Qxd2 e4 8. Nc3 Nc6 9. Nh3 f5 10. O-O Nf6 11. Nf4 O-O 12. f3 Qd6 {1-0 (74) Pantsulaia,L (2597)-Hovhannisyan,R (2637) St Petersburg 2018}) 4. Na3 Be6 5. Qc2 g6 6. Nxc4 {A11: English Opening: 1...c6} Bg7 7. Nf3 Nf6 8. O-O {White is slightly better.} O-O 9. d3 Na6 10. a3 h6 $146 ({Predecessor:} 10... Ne8 11. Rb1 Nd6 12. b3 Rc8 {1-0 (120) Gazik,V (2490)-Lajthajm,B (2432) Veliko Gradiste 2018}) 11. b4 Qc8 12. Bb2 Bh3 13. Rac1 Bxg2 14. Kxg2 Rd8 15. Rfd1 b6 (15... Qd7 $142) 16. Nce5 $16 c5 (16... Nb8 $16 17. Qb3 (17. Nxc6 Nxc6 18. Qxc6 Nd5 $16) 17... e6) 17. Qb3 $18 e6 18. d4 Nd7 19. dxc5 {[#] aiming for Nxg6!} Nxe5 20. Rxd8+ (20. Nxe5 bxc5 21. Qf3 Qc7 $18) ({Don't take} 20. Bxe5 Rxd1 21. Qxd1 (21. Rxd1 bxc5 22. Bxg7 Kxg7 $18) 21... Bxe5 $18) 20... Qxd8 21. Bxe5 ({Weaker is} 21. Nxe5 bxc5 22. b5 (22. bxc5 Rb8 $11) 22... Nc7 $16) 21... Bxe5 22. Nxe5 bxc5 23. bxc5 {[%cal Bb4c5,Bc5c6][%mdl 32]} Qc7 (23... Rc8 {is a better defense.} 24. Qe3 Qd5+ 25. f3 Rxc5) 24. Qc3 Rd8 25. Ng4 h5 26. Nf6+ Kf8 27. c6 Nb8 28. Nh7+ (28. e4 $142) 28... Kg8 {[#]} 29. Nf6+ $2 (29. Ng5 $1) 29... Kf8 30. Nh7+ $2 {Accuracy: White = 58%, Black = 53%.} (30. e4 $18) 1/2-1/2